| 000 | 00905nas a2200301 4500 | ||
|---|---|---|---|
| 001 | BR2015000023 | ||
| 003 | BR-BrBNA | ||
| 005 | 20231205124852.0 | ||
| 007 | ta | ||
| 008 | 230509b bl.|||p| |||| 00| 00por d | ||
| 040 |
_aBR-BrBNA _bpor _cBiblioteca Nacional de Agricultura |
||
| 041 | _a(Pt) | ||
| 072 | _aQ03 | ||
| 100 | 1 | _aChesca, A.C. | |
| 100 | 1 | _aGuimarães, J.M. | |
| 100 | 1 | _aSantos, A.L.S. | |
| 100 | 1 | _aD'Angelis, C.E.M. | |
| 245 | 1 | _aColiformes fecais, Listeria Monocytogenes e Salmonella em leite pasteurizado | |
| 650 | _aLEITE PASTEURIZADO | ||
| 650 | _aLISTERIOSE | ||
| 650 | _aSALMONELLA | ||
| 650 | _aCOLIFORME | ||
| 650 | _aHIGIENE DE ALIMENTO | ||
| 650 | _aSEGURANÇA ALIMENTAR | ||
| 773 | 0 |
_tHigiene Alimentar (Brazil) _xISSN 0101-9171 _g(Sep-Oct 2013), v. 27(224-225) p. 152-157 _wBR2015000023 |
|
| 909 |
_a202311 _bLúcia _c55 _dLúcia Elande |
||
| 942 |
_2AGRIS _n0 _cANA |
||
| 999 |
_c241326 _d241326 |
||